000 00661nam a2200217 4500
001 118049
003 ES-MaACL
005 20251002195933.0
007 t|
008 070214s1980 sp r ||||1| spa d
020 _a84-85361-19-9
100 1 _aPelt, Jean-Marie.
_990120
245 1 0 _aPor una sociedad ecológica /
_cJean-Marie Pelt ; traducción, Luciano Rincón.
260 _aBarcelona :
_bRuedo Ibérico,
_c1980.
300 _a243 p. ;
_c21 cm.
650 0 0 _aPolítica ambiental.
_916286
700 1 _aRincón, Luciano,
_d1933-1993
_9171727
710 2 _aÉditions Ruedo ibérico.
_9145333
852 _aES-MaACL
_jL-3471
999 _c118049
_d118049